[Event "Titled Tue 26th Aug Late"]
[Site "chess.com INT"]
[Date "2025.08.26"]
[Round "8"]
[White "Popov, Konstantin"]
[Black "Kleimenov, Nikolay"]
[Result "1-0"]
[WhiteTitle "IM"]
[BlackTitle "CM"]
[WhiteElo "2397"]
[BlackElo "2244"]
[WhiteFideId "34137910"]
[BlackFideId "34414223"]
[EventDate "2025.08.26"]

1. e4 c5 2. Nf3 d6 3. d4 cxd4 4. Nxd4 Nf6 5. Nc3 g6 6. g3 Bg7 7. Bg2 O-O 8. h3
Nc6 9. Be3 Bd7 10. O-O Rc8 11. Re1 Na5 12. Bc1 a6 13. Nd5 Nxd5 14. exd5 Qb6 15.
c3 Rfe8 16. Qe2 Bxd4 17. cxd4 Qxd4 18. Be3 Qf6 19. b3 b5 20. Qd2 Nb7 21. Bd4 Qf5
22. g4 Qc2 23. Qh6 f6 24. Be4 Qc7 25. g5 Bf5 26. Bxf5 gxf5 27. gxf6 exf6 28.
Qxf6 Rxe1+ 29. Rxe1 h6 30. Qh8+ Kf7 31. Qg7# 1-0

[Event "Titled Tue 26th Aug Late"]
[Site "chess.com INT"]
[Date "2025.08.26"]
[Round "8"]
[White "Liu, Zachary Hankun"]
[Black "Hungaski, Robert"]
[Result "0-1"]
[BlackTitle "GM"]
[WhiteElo "1998"]
[BlackElo "2477"]
[WhiteFideId "2640287"]
[BlackFideId "2021030"]
[EventDate "2025.08.26"]

1. e4 e5 2. Nf3 Nf6 3. Nc3 Nc6 4. a3 d6 5. d4 Be7 6. Bc4 O-O 7. h3 Nxe4 8. Nxe4
d5 9. Bxd5 Qxd5 10. Nc3 Qc4 11. dxe5 Bf5 12. Qe2 Qxe2+ 13. Kxe2 Rad8 14. Be3
Bxc2 15. Ne1 Bb3 16. f4 f6 17. Nf3 fxe5 18. fxe5 Bc4+ 19. Ke1 Nxe5 20. Nd2 Bh4+
21. Kd1 Rd3 22. Bc5 Rfd8 23. Nb1 Bg5 24. Bb4 Nc6 25. Bc3 Nd4 26. Kc1 Nb3+ 27.
Kc2 Nxa1+ 28. Kd1 Nb3 29. Kc2 0-1

[Event "Titled Tue 26th Aug Late"]
[Site "chess.com INT"]
[Date "2025.08.26"]
[Round "8"]
[White "Subervi, Jonathan Sigfredo"]
[Black "Donoso Aguirre, Maximiliano"]
[Result "0-1"]
[WhiteTitle "FM"]
[BlackTitle "CM"]
[WhiteElo "2007"]
[BlackElo "1978"]
[WhiteFideId "6400345"]
[BlackFideId "3458920"]
[EventDate "2025.08.26"]

1. e4 e5 2. f4 exf4 3. Nf3 Nf6 4. e5 Nh5 5. d4 d6 6. Qe2 dxe5 7. Nxe5 Qh4+ 8. g3
Nxg3 9. hxg3 Qxh1 10. Ng6+ Be6 11. Nxh8 Nc6 12. c3 O-O-O 13. Bxf4 Be7 14. Nd2
Rxh8 15. O-O-O Qd5 16. Nb3 Qf5 17. Bg2 Bd5 18. Bxd5 Qxd5 19. c4 Qe6 20. Qd2
Qxc4+ 21. Kb1 Bf6 22. Rc1 Qd5 23. Rc5 Qe4+ 24. Ka1 Re8 25. Rc1 Qe2 26. Qc3 g5
27. Bxc7 Kxc7 28. Nc5 Bxd4 29. Na6+ Kc8 30. Qb3 Qxa6 31. a3 Re6 32. Qc2 Qxa3+ 0-1

[Event "Titled Tue 26th Aug Late"]
[Site "chess.com INT"]
[Date "2025.08.26"]
[Round "8"]
[White "Gkavardinas, Antonios"]
[Black "Svane, Rasmus"]
[Result "0-1"]
[WhiteTitle "FM"]
[BlackTitle "GM"]
[WhiteElo "2297"]
[BlackElo "2619"]
[WhiteFideId "25883097"]
[BlackFideId "4657101"]
[EventDate "2025.08.26"]

1. b3 b6 2. Bb2 Bb7 3. c4 Nf6 4. Nf3 g6 5. g3 Bg7 6. Bg2 O-O 7. O-O e6 8. d4 d6
9. Nbd2 Nbd7 10. Qc2 c5 11. Rad1 a6 12. e4 cxd4 13. Nxd4 Qc7 14. Nb1 Rac8 15.
Nc3 Rfe8 16. Qb1 Qb8 17. Rfe1 h5 18. Qa1 h4 19. Nf3 hxg3 20. hxg3 Ba8 21. Ng5 b5
22. cxb5 axb5 23. Ne2 b4 24. Nd4 Qb6 25. Ndf3 Rc2 26. Rd2 Rxd2 27. Nxd2 Ng4 28.
Nh3 Bxb2 29. Qxb2 Nde5 30. Nc4 Nxc4 31. bxc4 Ne5 32. Rb1 Rb8 33. Nf4 Nxc4 34.
Qf6 Ne5 35. Nxe6 fxe6 36. Qxe6+ Kg7 37. Rd1 Rf8 38. Rd2 Nd3 39. Rxd3 Qxf2+ 40.
Kh1 Rh8+ 41. Bh3 Bxe4+ 0-1

[Event "Titled Tue 26th Aug Late"]
[Site "chess.com INT"]
[Date "2025.08.26"]
[Round "8"]
[White "Bulgak, Damir"]
[Black "Bagchi, Sounak"]
[Result "1-0"]
[WhiteTitle "CM"]
[WhiteElo "2254"]
[BlackElo "2030"]
[WhiteFideId "13528882"]
[BlackFideId "30970059"]
[EventDate "2025.08.26"]

1. e4 c5 2. Nf3 g6 3. d4 cxd4 4. Qxd4 Nf6 5. e5 Nc6 6. Qf4 Nd5 7. Qe4 Nb6 8. Nc3
Bg7 9. Bf4 d5 10. exd6 Bf5 11. Qe3 O-O 12. O-O-O exd6 13. Rxd6 Qc8 14. Qd2 Nb4
15. Nd4 Bxc2 16. Nxc2 Bxc3 17. bxc3 Nxa2+ 18. Kb2 Nxc3 19. Qd4 Nba4+ 20. Ka1 Qc7
21. Rxg6+ fxg6 22. Bxc7 Rac8 23. Bc4+ Rf7 24. Bxf7+ Kxf7 1-0

[Event "Titled Tue 26th Aug Late"]
[Site "chess.com INT"]
[Date "2025.08.26"]
[Round "8"]
[White "Estrada Nieto, Julian"]
[Black "Kao, Jamison Edrich"]
[Result "0-1"]
[WhiteTitle "IM"]
[BlackTitle "CM"]
[WhiteElo "2182"]
[BlackElo "2081"]
[WhiteFideId "5101018"]
[BlackFideId "6007937"]
[EventDate "2025.08.26"]

1. e4 c5 2. Nf3 Nc6 3. Bb5 d6 4. O-O Bd7 5. Re1 Nf6 6. c3 a6 7. Bf1 Bg4 8. d4
Bxf3 9. gxf3 g5 10. Kh1 Rg8 11. Na3 Nh5 12. Nc4 Rg6 13. d5 Nb8 14. a4 Bg7 15.
Bh3 Nf4 16. Bxf4 gxf4 17. a5 Nd7 18. Bxd7+ Qxd7 19. Nb6 Qh3 20. Rg1 Rd8 21. Qd3
Bf6 22. Nc4 Kf8 23. Nd2 Kg7 24. Qf1 Qh5 25. Qe2 Rg8 26. Rxg6+ hxg6 27. Rg1 Rh8
28. Rg2 Rb8 29. Nc4 Rh8 30. Kg1 Qh3 31. Kf1 Rh5 32. Kg1 Kf8 33. Nd2 g5 34. Nc4
g4 35. fxg4 f3 36. Qe1 Qxg2# 0-1

[Event "Titled Tue 26th Aug Late"]
[Site "chess.com INT"]
[Date "2025.08.26"]
[Round "8"]
[White "Garcia Correa, Jose Ricardo"]
[Black "Poleg, Matan"]
[Result "0-1"]
[WhiteTitle "FM"]
[BlackTitle "FM"]
[WhiteElo "2103"]
[BlackElo "2277"]
[WhiteFideId "5101832"]
[BlackFideId "2811472"]
[EventDate "2025.08.26"]

1. e4 e5 2. Nf3 Nc6 3. Bb5 a6 4. Ba4 Nf6 5. O-O b5 6. Bb3 Bc5 7. d3 h6 8. a4 Rb8
9. c3 d6 10. axb5 axb5 11. h3 O-O 12. Na3 Bxa3 13. bxa3 Ne7 14. Re1 Ng6 15. d4
Qe7 16. a4 bxa4 17. Rxa4 Bb7 18. Bc2 Rfe8 19. d5 Bc8 20. Be3 Nh5 21. Ra7 Nhf4
22. Kh2 Rf8 23. c4 Rb7 24. Rxb7 Bxb7 25. c5 Bc8 26. c6 f5 27. exf5 Bxf5 28. Bxf5
Rxf5 29. Qd3 e4 30. Qc2 Nxg2 31. Nd4 Nxe1 32. Qe2 Nf3+ 33. Nxf3 exf3 34. Qc2
Qe5+ 35. Kh1 Rh5 36. Qxg6 Rxh3+ 37. Kg1 Qa1+ 0-1

[Event "Titled Tue 26th Aug Late"]
[Site "chess.com INT"]
[Date "2025.08.26"]
[Round "8"]
[White "Buchenau, Frank"]
[Black "Pribelszky, Bence"]
[Result "0-1"]
[WhiteTitle "FM"]
[BlackTitle "IM"]
[WhiteElo "2205"]
[BlackElo "2428"]
[WhiteFideId "4604350"]
[BlackFideId "769738"]
[EventDate "2025.08.26"]

1. e4 d5 2. exd5 Nf6 3. Nf3 Nxd5 4. d4 Bg4 5. h3 Bxf3 6. Qxf3 c6 7. c4 Nf6 8.
Be3 e6 9. Nc3 Bb4 10. Rc1 Nbd7 11. g4 h6 12. h4 Qe7 13. g5 hxg5 14. hxg5 Rxh1
15. Qxh1 Ng4 16. Qh8+ Qf8 17. Qxf8+ Kxf8 18. Bd2 e5 19. Bh3 exd4 20. Bxg4 dxc3
21. bxc3 Re8+ 22. Kd1 Ne5 23. Be2 Bc5 24. f4 Nd7 25. Bd3 Be3 26. Kc2 Nc5 27. Bf5
g6 28. Bg4 Bxd2 29. Kxd2 Re4 30. Rf1 Rxc4 31. Be2 Ra4 32. Ke3 Rxa2 33. Bg4 Ra3
34. Kd4 Ne6+ 35. Bxe6 fxe6 36. Rh1 Kg7 37. Re1 Ra4+ 38. c4 b5 39. Rxe6 Rxc4+ 40.
Ke5 Kf7 41. Rf6+ Kg7 42. Rd6 b4 43. Rd7+ Kf8 44. f5 Rc5+ 45. Kf6 Rxf5+ 46. Kxg6
Rf2 47. Rxa7 b3 48. Rb7 b2 0-1

[Event "Titled Tue 26th Aug Late"]
[Site "chess.com INT"]
[Date "2025.08.26"]
[Round "8"]
[White "Shurakov, Denis"]
[Black "Kaufman, David"]
[Result "1-0"]
[WhiteTitle "CM"]
[BlackTitle "IM"]
[WhiteElo "2085"]
[BlackElo "2447"]
[WhiteFideId "4149734"]
[BlackFideId "34220194"]
[EventDate "2025.08.26"]

1. Nf3 Nf6 2. e3 d5 3. b3 Bf5 4. Bb2 h6 5. Be2 e6 6. O-O Be7 7. c4 O-O 8. Nc3 c6
9. Rc1 Nbd7 10. d3 Bh7 11. h3 a6 12. d4 b5 13. Bd3 a5 14. cxb5 c5 15. Bxh7+ Nxh7
16. dxc5 Nxc5 17. Ba3 Rc8 18. Nd4 Bd6 19. Nc6 Qd7 20. Bxc5 Bxc5 21. Nxd5 exd5
22. Rxc5 Nf6 23. a4 Rfe8 24. Rc2 Qf5 25. Nd4 Qg5 26. Rxc8 Rxc8 27. Qd2 Ne4 28.
Qxa5 Qf6 29. b6 Rc1 30. Rxc1 Qxf2+ 31. Kh1 Qxe3 32. Qe1 Nf2+ 33. Qxf2 Qxc1+ 34.
Qg1 Qc5 35. Nb5 1-0

[Event "Titled Tue 26th Aug Late"]
[Site "chess.com INT"]
[Date "2025.08.26"]
[Round "8"]
[White "Mastrovasilis, Athanasios"]
[Black "Sobek, Jaroslav"]
[Result "1-0"]
[WhiteTitle "GM"]
[BlackTitle "FM"]
[WhiteElo "2424"]
[BlackElo "2195"]
[WhiteFideId "4201990"]
[BlackFideId "301388"]
[EventDate "2025.08.26"]

1. e4 c5 2. Nf3 a6 3. c3 d5 4. exd5 Qxd5 5. d4 Nf6 6. Na3 e6 7. Nc4 Nbd7 8. Be2
b5 9. Ne3 Qc6 10. O-O Bd6 11. dxc5 Bxc5 12. Nd4 Qc7 13. Bf3 Bb7 14. a4 bxa4 15.
Rxa4 O-O 16. Nb3 Bd6 17. Bxb7 Bxh2+ 18. Kh1 Qxb7 19. Kxh2 Rfd8 20. Rb4 Qc7+ 21.
Kg1 a5 22. Rc4 Qe5 23. Nd4 Qg5 24. Nf3 Qg6 25. Qd6 Ne4 26. Qf4 Ndf6 27. Qh4 Rab8
28. Rc7 1-0

[Event "Titled Tue 26th Aug Late"]
[Site "chess.com INT"]
[Date "2025.08.26"]
[Round "8"]
[White "Young, Cohen"]
[Black "Pniaczek, Marek"]
[Result "1-0"]
[WhiteTitle "CM"]
[BlackTitle "FM"]
[WhiteElo "2030"]
[BlackElo "2188"]
[WhiteFideId "4317440"]
[BlackFideId "21800421"]
[EventDate "2025.08.26"]

1. e4 e5 2. Nf3 d6 3. d4 exd4 4. Nxd4 Nf6 5. Nc3 Be7 6. Bf4 O-O 7. Qd2 Re8 8.
O-O-O Nc6 9. f3 Nxd4 10. Qxd4 a6 11. g4 b5 12. h4 c5 13. Qd2 b4 14. Ne2 Qa5 15.
Kb1 Be6 16. Nc1 c4 17. b3 Nd7 18. g5 Nb6 19. Be2 d5 20. Bc7 dxe4 21. fxe4 Rac8
22. Qf4 cxb3 23. cxb3 Qc5 24. Be5 Qc2+ 25. Ka1 Red8 26. Rxd8+ Rxd8 27. Bb2 Rd2
28. Qe5 Nd7 29. Qxg7# 1-0

[Event "Titled Tue 26th Aug Late"]
[Site "chess.com INT"]
[Date "2025.08.26"]
[Round "8"]
[White "Germanovs, Georgijs"]
[Black "Steinberg, Nitzan"]
[Result "1-0"]
[WhiteTitle "CM"]
[BlackTitle "GM"]
[WhiteElo "2260"]
[BlackElo "2554"]
[WhiteFideId "11609710"]
[BlackFideId "2801795"]
[EventDate "2025.08.26"]

1. e4 c5 2. Nf3 d6 3. c3 Nf6 4. Be2 g6 5. O-O Bg7 6. Re1 O-O 7. Bf1 Bg4 8. h3
Bxf3 9. Qxf3 Nc6 10. d3 Rb8 11. Bf4 Nd7 12. Nd2 b5 13. Qd1 b4 14. Rc1 bxc3 15.
bxc3 Qa5 16. Qc2 Nb6 17. Nb3 Qa4 18. Qe2 Rfc8 19. g4 Na5 20. Nd2 Nd7 21. Nf3 Rb6
22. d4 Rcb8 23. e5 cxd4 24. e6 d3 25. exf7+ Kh8 26. Qxe7 Qxf4 27. Qxd7 Qxf3 28.
Re8+ Bf8 29. Qe7 Kg7 30. Qxf8+ Kf6 31. Qe7+ 1-0

[Event "Titled Tue 26th Aug Late"]
[Site "chess.com INT"]
[Date "2025.08.26"]
[Round "8"]
[White "Dessyn, Timothee"]
[Black "Rosen, Eric"]
[Result "1-0"]
[WhiteTitle "FM"]
[BlackTitle "IM"]
[WhiteElo "2334"]
[BlackElo "2377"]
[WhiteFideId "651028859"]
[BlackFideId "2032562"]
[EventDate "2025.08.26"]

1. Nf3 Nf6 2. g3 d5 3. Bg2 e6 4. O-O Be7 5. d4 b5 6. a4 b4 7. Re1 O-O 8. Nbd2
Bb7 9. a5 Na6 10. c4 bxc3 11. bxc3 c5 12. Ba3 cxd4 13. Bxe7 Qxe7 14. cxd4 Nb4
15. Qa4 Ba6 16. Rab1 Rab8 17. Ne5 Rfc8 18. Rb2 Rb7 19. Reb1 Rcb8 20. Nb3 Nd7 21.
Nxd7 Bb5 22. Qa3 Rxd7 23. Nc5 Nc2 24. Rxc2 Rc7 25. a6 Rb6 26. Rcb2 h5 27. Rxb5
Rxb5 28. Rxb5 h4 29. Rb7 1-0

[Event "Titled Tue 26th Aug Late"]
[Site "chess.com INT"]
[Date "2025.08.26"]
[Round "8"]
[White "Joel Paul Ganta"]
[Black "Caprio, Guido"]
[Result "0-1"]
[WhiteTitle "CM"]
[BlackTitle "IM"]
[WhiteElo "2067"]
[BlackElo "2435"]
[WhiteFideId "35066145"]
[BlackFideId "834580"]
[EventDate "2025.08.26"]

1. Nf3 e6 2. e3 d5 3. c4 Nf6 4. Nc3 Be7 5. b3 O-O 6. Bb2 b6 7. Be2 Bb7 8. O-O
Nbd7 9. Rc1 dxc4 10. Bxc4 c5 11. d4 cxd4 12. Nxd4 a6 13. a4 Ne5 14. Be2 Qd6 15.
Nf3 Qxd1 16. Rfxd1 Nxf3+ 17. Bxf3 Bxf3 18. gxf3 Rfc8 19. Ne2 Kf8 20. Nd4 Ke8 21.
Kf1 Nd5 22. Ke2 Nb4 23. f4 g6 24. Nf3 Na2 25. Ra1 Rc2+ 26. Rd2 Nc3+ 27. Kd3
Rxd2+ 28. Nxd2 Nd5 29. Nc4 Rc8 30. Bd4 Rc6 31. Ne5 Nb4+ 32. Ke4 Rc2 33. Kf3 f6
34. Ng4 Kf7 35. e4 Rd2 36. Bxb6 Rd3+ 37. Ne3 Rxb3 38. a5 Nd3 39. Rd1 Bd6 40. e5
fxe5 41. fxe5 Bxe5 42. Ke4 Nxf2+ 43. Kf3 Nxd1 0-1

[Event "Titled Tue 26th Aug Late"]
[Site "chess.com INT"]
[Date "2025.08.26"]
[Round "8"]
[White "Barrionuevo, Pablo"]
[Black "Clawitter, Craig"]
[Result "0-1"]
[WhiteTitle "IM"]
[WhiteElo "2259"]
[BlackElo "2050"]
[WhiteFideId "110566"]
[BlackFideId "2023105"]
[EventDate "2025.08.26"]

1. c4 e6 2. Nf3 d5 3. g3 Nf6 4. Bg2 Be7 5. O-O O-O 6. b3 d4 7. Bb2 c5 8. e3 Nc6
9. exd4 cxd4 10. Re1 Re8 11. Ne5 Nxe5 12. Rxe5 Bd6 13. Bxd4 Bxe5 14. Bxe5 Nd7
15. Bb2 e5 16. Nc3 Nc5 17. Nd5 Nd3 18. Bc3 Be6 19. Be4 Bxd5 20. Bxd5 Qb6 21. Qf3
Qg6 22. Be4 f5 23. Bd5+ Kh8 24. Qxd3 e4 25. Qe3 Rf8 26. Be5 Rae8 27. Bf4 Qg4 28.
h4 h6 29. f3 Qh3 30. fxe4 fxe4 31. Qf2 b6 32. Qg2 Qg4 33. Re1 g5 34. hxg5 hxg5
35. Bd6 Rf3 36. Rxe4 Rxe4 37. Qh2+ Kg7 38. Bxe4 Qxe4 39. Qg2 Qe1+ 40. Kh2 Rf2
41. Be5+ Kg6 42. Bc3 Rxg2+ 43. Kxg2 Qe2+ 44. Kg1 Qd3 45. Kf2 Kf5 46. a3 Kg4 47.
b4 Qxg3+ 48. Ke2 Qf3+ 49. Ke1 Qe4+ 50. Kd1 Qxc4 51. Kc2 Kf3 52. d3 Qa2+ 53. Bb2
g4 0-1

[Event "Titled Tue 26th Aug Late"]
[Site "chess.com INT"]
[Date "2025.08.26"]
[Round "8"]
[White "Gorbenko, Rustem"]
[Black "Carafizi, Vasile"]
[Result "1-0"]
[WhiteTitle "CM"]
[BlackTitle "FM"]
[WhiteElo "2201"]
[BlackElo "2134"]
[WhiteFideId "14111438"]
[BlackFideId "4002539"]
[EventDate "2025.08.26"]

1. d4 Nf6 2. c4 e6 3. Nf3 c5 4. d5 exd5 5. cxd5 d6 6. Nc3 g6 7. e4 Bg7 8. Qa4+
Bd7 9. Qb3 Na6 10. Bxa6 bxa6 11. O-O O-O 12. Bf4 Bb5 13. Nxb5 axb5 14. Qxb5 Nxe4
15. Rfe1 Re8 16. Rab1 Rb8 17. Qa6 Qd7 18. h3 Qf5 19. Bxd6 Rb6 20. Qa4 Nxd6 21.
Rxe8+ Nxe8 22. Qxe8+ Bf8 23. Rd1 Rxb2 24. d6 Qc2 25. Rf1 Rb1 26. d7 Rxf1+ 27.
Kxf1 Qd3+ 28. Kg1 Qd1+ 29. Kh2 Qd6+ 30. Ne5 Kg7 31. d8=Q 1-0

[Event "Titled Tue 26th Aug Late"]
[Site "chess.com INT"]
[Date "2025.08.26"]
[Round "8"]
[White "Amirkul, Alimzhan"]
[Black "Papasimakopoulos, Alexandros"]
[Result "0-1"]
[WhiteTitle "FM"]
[BlackTitle "IM"]
[WhiteElo "2242"]
[BlackElo "2361"]
[WhiteFideId "13718428"]
[BlackFideId "4244125"]
[EventDate "2025.08.26"]

1. e4 e6 2. d4 d5 3. e5 c5 4. c3 Nc6 5. Nf3 Bd7 6. a3 c4 7. Nbd2 Na5 8. g3 Ne7
9. h4 Nc8 10. Bh3 Nb6 11. O-O Ba4 12. Qe2 h6 13. Nh2 h5 14. f4 g6 15. Ndf3 Qd7
16. Ng5 O-O-O 17. Be3 Kb8 18. Rf2 a6 19. Raf1 Ka7 20. Ngf3 Nc6 21. g4 hxg4 22.
Nxg4 Ne7 23. Nf6 Qc7 24. Rh2 Nf5 25. Bxf5 gxf5 26. Rg2 Nd7 27. Rg3 Nxf6 28. exf6
Rh6 29. Rf2 Rxf6 30. Ne5 Rh6 31. h5 f6 32. Ng6 Bd6 33. Rh2 Rg8 34. Qf3 Be8 35.
Rhg2 Qh7 36. Nh4 Rxg3 37. Qxg3 Rxh5 38. Rh2 Bf7 39. Kf2 Be8 40. Kg2 Ba4 41. Nf3
Bd1 42. Rxh5 Qxh5 43. Ng1 Bg4 44. Kf2 Qh1 45. Qg2 Qh7 46. Nf3 Qh5 47. Nd2 Qh4+
48. Qg3 Qh5 49. Qg2 Kb6 50. b3 Qh4+ 51. Kg1 Qe1+ 52. Kh2 Qxe3 53. bxc4 Bxf4+ 54.
Kh1 Qxd2 0-1

[Event "Titled Tue 26th Aug Late"]
[Site "chess.com INT"]
[Date "2025.08.26"]
[Round "8"]
[White "Li, Yilin"]
[Black "Shafer, Logan C"]
[Result "0-1"]
[WhiteTitle "WFM"]
[BlackTitle "CM"]
[WhiteElo "1921"]
[BlackElo "2234"]
[WhiteFideId "8610410"]
[BlackFideId "30993342"]
[EventDate "2025.08.26"]

1. c4 e6 2. Nc3 d5 3. cxd5 exd5 4. d4 a6 5. g3 Nf6 6. Bg2 c6 7. Nf3 Bd6 8. O-O
O-O 9. Re1 Re8 10. Bg5 h6 11. Bxf6 Qxf6 12. e4 dxe4 13. Nxe4 Qd8 14. Nxd6 Rxe1+
15. Qxe1 Qxd6 16. Qe8+ Qf8 17. Re1 Be6 18. Qxf8+ Kxf8 19. a3 Nd7 20. Ne5 Nxe5
21. dxe5 Rd8 22. Kf1 Bc4+ 23. Kg1 Rd2 24. Rc1 Be6 25. Be4 Rxb2 26. Rb1 Rxb1+ 27.
Bxb1 c5 28. a4 b5 29. a5 Ke7 30. Be4 b4 31. Kf1 Bc4+ 32. Ke1 Bb5 33. Kd2 c4 34.
Kc2 g5 35. f4 f6 36. fxg5 hxg5 37. exf6+ Kxf6 38. h4 gxh4 39. gxh4 Kg7 40. h5
Kh6 41. Bf3 Ba4+ 42. Kb2 c3+ 43. Kb1 b3 44. Be2 Bc6 45. Bxa6 Be4+ 46. Ka1 b2+
47. Ka2 b1=Q+ 48. Ka3 c2 49. Ka4 c1=Q 0-1

[Event "Titled Tue 26th Aug Late"]
[Site "chess.com INT"]
[Date "2025.08.26"]
[Round "8"]
[White "Ferriz Barrios, Andres"]
[Black "Oluka Robert Mcligeyo"]
[Result "1-0"]
[WhiteTitle "FM"]
[BlackTitle "CM"]
[WhiteElo "2102"]
[BlackElo "2081"]
[WhiteFideId "5104467"]
[BlackFideId "10814647"]
[EventDate "2025.08.26"]

1. d4 d5 2. c4 e6 3. Nc3 Nf6 4. Bg5 Nbd7 5. Qc2 Be7 6. e3 O-O 7. cxd5 exd5 8.
Bd3 h6 9. Bh4 c5 10. Nge2 Re8 11. O-O c4 12. Bf5 Nf8 13. f3 Be6 14. Bf2 Rb8 15.
a4 a6 16. Ng3 b5 17. axb5 axb5 18. e4 b4 19. Nxd5 Bxd5 20. exd5 Qxd5 21. Rae1 b3
22. Qc1 Bb4 23. Be4 Nxe4 24. fxe4 Qa5 25. Rd1 c3 26. bxc3 Bxc3 27. Nf5 Rxe4 28.
Bg3 Ra8 29. Qb1 Re2 30. Qxb3 Qb4 31. Nxh6+ gxh6 32. Qxf7+ Kh8 33. Qf6+ Kh7 34.
Qf5+ Kg8 35. Qd5+ Kh8 36. Be5+ Kh7 37. Qf7# 1-0

[Event "Titled Tue 26th Aug Late"]
[Site "chess.com INT"]
[Date "2025.08.26"]
[Round "8"]
[White "Mizzi, Jack"]
[Black "Arslanov, Shamil"]
[Result "1-0"]
[WhiteTitle "CM"]
[BlackTitle "IM"]
[WhiteElo "2130"]
[BlackElo "2410"]
[WhiteFideId "5602521"]
[BlackFideId "4192826"]
[EventDate "2025.08.26"]

1. d4 d6 2. c4 e5 3. dxe5 Nc6 4. exd6 Bxd6 5. Nf3 Bg4 6. Nc3 Qe7 7. Be3 O-O-O 8.
Qa4 Bb4 9. Bd2 Nf6 10. O-O-O Ne4 11. Nxe4 Qxe4 12. Qc2 Bxf3 13. gxf3 Bxd2+ 14.
Rxd2 Qxc2+ 15. Kxc2 Nb4+ 16. Kd1 Rxd2+ 17. Kxd2 Rd8+ 18. Kc3 Nxa2+ 19. Kb3 Nc1+
20. Kc2 Na2 21. Kb3 Nc1+ 22. Kc2 Na2 23. Bh3+ Kb8 24. Kb3 Rd2 25. Kxa2 Rxe2 26.
Rd1 c6 27. Rd7 Rxf2 28. Rxf7 Rxh2 29. Bf5 g6 30. Be4 Rh5 31. b4 a6 32. Kb3 Kc8
33. Ka4 Kb8 34. c5 Ka8 35. Ka5 Re5 36. Kb6 Re8 37. Rxh7 Rb8 38. Bxg6 Rg8 39. Be4
Rb8 40. f4 Re8 41. Bf5 Rf8 42. Rh5 Re8 43. Bd7 Rf8 44. f5 Rd8 45. f6 Rf8 46. f7
Kb8 47. Be6 Ka8 48. Rg5 Rb8 49. Rg8 1-0

[Event "Titled Tue 26th Aug Late"]
[Site "chess.com INT"]
[Date "2025.08.26"]
[Round "8"]
[White "Rabin, Evan"]
[Black "Bhatia, Kanishka"]
[Result "0-1"]
[BlackTitle "WCM"]
[WhiteElo "1945"]
[BlackElo "2067"]
[WhiteFideId "2028670"]
[BlackFideId "2410095"]
[EventDate "2025.08.26"]

1. d4 d5 2. c4 e6 3. cxd5 exd5 4. Nc3 Nf6 5. Bg5 Bb4 6. Qa4+ Nc6 7. Nf3 O-O 8.
e3 h6 9. Bxf6 Qxf6 10. Bb5 Bxc3+ 11. bxc3 Bg4 12. Bxc6 Bxf3 13. Bxb7 Bxg2 14.
Rg1 Rab8 15. Qxa7 Bf3 16. a4 Qf5 17. Qa6 Rxb7 18. Qxb7 Qd3 19. Qb2 g6 20. Qd2
Qc4 21. a5 Rb8 22. a6 Ra8 23. a7 Kg7 24. Rg3 Be4 25. f3 Bf5 26. Kf2 Qb5 27. Rgg1
Qb6 28. Qa2 Qc6 29. Qa5 Qb7 30. e4 dxe4 31. Rab1 e3+ 32. Kxe3 Bxb1 33. Qe5+ Kh7
34. Qf6 Re8+ 35. Kf2 Ba2 36. Ra1 Qb2+ 37. Kg3 Qxa1 38. Qc6 Qe1+ 39. Kh3 Qf1+ 40.
Kg3 Qg1+ 41. Kh3 Be6+ 0-1

[Event "Titled Tue 26th Aug Late"]
[Site "chess.com INT"]
[Date "2025.08.26"]
[Round "8"]
[White "Csonka, Balazs"]
[Black "Zakarian, David"]
[Result "0-1"]
[WhiteTitle "IM"]
[BlackTitle "FM"]
[WhiteElo "2467"]
[BlackElo "2301"]
[WhiteFideId "742910"]
[BlackFideId "13301276"]
[EventDate "2025.08.26"]

1. d4 a6 2. e4 b5 3. Nf3 e6 4. Bd3 Bb7 5. O-O Nf6 6. Qe2 d6 7. a4 b4 8. c4 Nbd7
9. b3 e5 10. Bb2 Qe7 11. Nbd2 c5 12. dxe5 dxe5 13. Rfd1 g6 14. Nf1 Bh6 15. Ne3
Bxe3 16. Qxe3 O-O 17. Bc2 Rad8 18. Rd2 Nh5 19. Rad1 f6 20. Qd3 Nf4 21. Qd6 Qxd6
22. Rxd6 Ne2+ 23. Kf1 Nd4 24. Nxd4 cxd4 25. f3 Kf7 26. Ke2 Ke7 27. Rxd7+ Rxd7
28. a5 Bc6 29. Bc1 Kd6 30. Bd2 Kc5 31. Bd3 f5 32. Bh6 Rff7 33. h3 Rd6 34. Ra1
fxe4 35. fxe4 Rdf6 36. Bd2 Rf2+ 37. Kd1 Rxg2 0-1

[Event "Titled Tue 26th Aug Late"]
[Site "chess.com INT"]
[Date "2025.08.26"]
[Round "8"]
[White "Gajic, Mladen"]
[Black "Harish, Neeraj"]
[Result "1-0"]
[WhiteTitle "FM"]
[BlackTitle "CM"]
[WhiteElo "2246"]
[BlackElo "2028"]
[WhiteFideId "1709178"]
[BlackFideId "30958130"]
[EventDate "2025.08.26"]

1. e4 c5 2. c3 d5 3. exd5 Qxd5 4. d4 Nf6 5. Nf3 e6 6. Na3 a6 7. Nc4 Nbd7 8. a4
Be7 9. Be2 O-O 10. O-O b6 11. Nfe5 Nxe5 12. Nxb6 Qc6 13. Nxc8 Raxc8 14. dxe5 Nd5
15. Bf3 c4 16. Qd4 Bc5 17. Qg4 g6 18. Bh6 Rfd8 19. Bg5 Rd7 20. h4 Bf8 21. h5 Qb6
22. Rad1 Rb8 23. hxg6 hxg6 24. Qxc4 Qxb2 25. Bxd5 exd5 26. Rxd5 Rxd5 27. Qxd5
Qxc3 28. e6 Qc7 29. Rc1 Qb7 30. exf7+ Qxf7 31. Qxf7+ Kxf7 32. Rc7+ Kg8 33. Rc6
a5 34. Rxg6+ Kh7 35. Ra6 Rb1+ 36. Kh2 Bb4 37. Bd8 Ra1 38. Bxa5 Rxa4 39. Ra7+ Kg6
40. Bb6 Bd6+ 41. g3 Rxa7 42. Bxa7 Kg5 43. Kh3 Be5 44. Be3+ Kf5 45. f3 Bc7 46.
Kh4 Kg6 47. g4 Bd6 48. f4 1-0